Sidewalk Wi-Fi-Cafe vending machine retailing / (Record no. 4820)
[ view plain ]
| 000 -LEADER | |
|---|---|
| fixed length control field | 01415nam a22003377a 4500 |
| 003 - CONTROL NUMBER IDENTIFIER | |
| control field | OSt |
| 005 - DATE AND TIME OF LATEST TRANSACTION | |
| control field | 20260307040208.0 |
| 008 - FIXED-LENGTH DATA ELEMENTS--GENERAL INFORMATION | |
| fixed length control field | 260307b |||||||| |||| 00| 0 eng d |
| 040 ## - CATALOGING SOURCE | |
| Language of cataloging | English. |
| Transcribing agency | CvSU-CCAT Campus Library. |
| Description conventions | rda. |
| 050 ## - LIBRARY OF CONGRESS CALL NUMBER | |
| Classification number | UM HD 62.7 |
| Item number | S53 2024 |
| 240 ## - UNIFORM TITLE | |
| Uniform title | Enterprise development project : Sidewalk WiFi-Cafe Vending machine retailing |
| 245 ## - TITLE STATEMENT | |
| Title | Sidewalk Wi-Fi-Cafe vending machine retailing / |
| Statement of responsibility, etc. | Nelson A. Butial [and three others]. |
| 260 ## - PUBLICATION, DISTRIBUTION, ETC. | |
| Place of publication, distribution, etc. | Rosario, Cavite : |
| Name of publisher, distributor, etc. | Cavite State University-CCAT Campus, |
| Date of publication, distribution, etc. | 2024. |
| 300 ## - PHYSICAL DESCRIPTION | |
| Extent | xiii, 70 leaves : |
| Other physical details | illustrations ; |
| Dimensions | 28 cm |
| 500 ## - GENERAL NOTE | |
| General note | Enterprise Development Project (BSBM)--Cavite State University-CCAT Campus, 2024. |
| 504 ## - BIBLIOGRAPHY, ETC. NOTE | |
| Bibliography, etc. note | Includes bibliographical references and appendices. |
| 546 ## - LANGUAGE NOTE | |
| Language note | In English text |
| 650 ## - SUBJECT ADDED ENTRY--TOPICAL TERM | |
| Topical term or geographic name entry element | Small business -- Management. |
| 9 (RLIN) | 8827 |
| 650 ## - SUBJECT ADDED ENTRY--TOPICAL TERM | |
| Topical term or geographic name entry element | Entrepreneurship. |
| 9 (RLIN) | 136 |
| 650 ## - SUBJECT ADDED ENTRY--TOPICAL TERM | |
| Topical term or geographic name entry element | Partnership. |
| 9 (RLIN) | 9015 |
| 650 ## - SUBJECT ADDED ENTRY--TOPICAL TERM | |
| Topical term or geographic name entry element | Vending machine. |
| 9 (RLIN) | 19014 |
| 650 ## - SUBJECT ADDED ENTRY--TOPICAL TERM | |
| Topical term or geographic name entry element | Internet Cafe. |
| 9 (RLIN) | 19015 |
| 650 ## - SUBJECT ADDED ENTRY--TOPICAL TERM | |
| Topical term or geographic name entry element | General Trias (Cavite, Philippines). |
| 9 (RLIN) | 19016 |
| 700 ## - ADDED ENTRY--PERSONAL NAME | |
| Personal name | Caparida, Nhaomie C., author. |
| 9 (RLIN) | 19017 |
| 700 ## - ADDED ENTRY--PERSONAL NAME | |
| Personal name | Golo, Hanna R., author. |
| 9 (RLIN) | 19018 |
| 700 ## - ADDED ENTRY--PERSONAL NAME | |
| Personal name | Lapidario, Daisyree S., author. |
| 9 (RLIN) | 19019 |
| 700 ## - ADDED ENTRY--PERSONAL NAME | |
| Personal name | Ambas, Arman M., adviser. |
| 9 (RLIN) | 6624 |
| 700 ## - ADDED ENTRY--PERSONAL NAME | |
| Personal name | Perez, Richard P., technical critic. |
| 9 (RLIN) | 6693 |
| 942 ## - ADDED ENTRY ELEMENTS (KOHA) | |
| Source of classification or shelving scheme | Library of Congress Classification |
| Koha item type | Thesis/Manuscripts/Dissertations |
| Classification part | HD 62.7 S53 2024 |
| Call number prefix | UM |
| Withdrawn status | Lost status | Source of classification or shelving scheme | Damaged status | Not for loan | Collection code | Home library | Current library | Shelving location | Date acquired | Coded location qualifier | Total Checkouts | Full call number | Barcode | Date last seen | Copy number | Price effective from | Koha item type |
|---|---|---|---|---|---|---|---|---|---|---|---|---|---|---|---|---|---|
| Library of Congress Classification | Thesis/Manuscript/Dissertation | Cavite State University - CCAT Campus | Cavite State University - CCAT Campus | TH | 01/20/2026 | UM | UM HD 62.7 S53 2024 | T0005646 | 03/07/2026 | 1 | 03/07/2026 | Thesis/Manuscripts/Dissertations |
